African Countries That Start With E - Statistics

General Stats
  • This quiz has been taken 32 times
  • The average score is 5 of 5
Answer Stats
Country % Correct
Egypt
94%
Ethiopia
94%
Eritrea
91%
Eswatini
91%
Equatorial Guinea
84%
No matching quizzes found
Score Distribution
Percent of People with Each Score
Percentile by Number Answered
Your Score History
You have not taken this quiz